| 000 | 00781nam a2200217Ia 4500 | ||
|---|---|---|---|
| 003 | GCL | ||
| 008 | 140319s9999 xx 000 0 ara d | ||
| 040 |
_aGCL / _cGCL |
||
| 082 | 0 | 4 |
_a338.5 _bع ت |
| 100 | 1 | _aعلى مصطفى | |
| 245 | 1 | 0 |
_aالتحليل الاقتصادى الجزئى - نظريته وتطبيقاته : _bتشخيص وتحليل البيئة الاقتصادية للمؤسسات والشركات / _cعلى مصطفى |
| 250 | _aالاولى | ||
| 260 |
_aسوريا : _bدار الرضا للنشر ، _c2003 |
||
| 300 |
_a420 ص ؛ _c24 سم |
||
| 650 | 0 | 4 | _aالتسويق |
| 650 | 0 | 4 | _aالايرادات والنفقات |
| 650 | 0 | 4 | _aالاقتصاد الجزئى |
| 650 | 0 | 4 | _aالاسعار |
| 650 | 0 | 4 | _aالمنافسة |
| 942 |
_2ddc _cBK |
||
| 999 |
_c9967 _d9967 |
||